Miasta w Polsce na literę Ł - Statystyki

Ogólne statystyki
  • Ten quiz został rozwiązany 238 razy
    60 od ostatniego zresetowania
  • Średni wynik to 13 z 24
Statystyki odpowiedzi
Liczba mieszkańców Województwo Miasto % Poprawnych
642 590 łódzkie Łódź
100%
59 129 podlaskie Łomża
92%
25 429 łódzkie Łowicz
82%
26 765 lubelskie Łuków
82%
12 760 łódzkie Łęczyca
76%
17 290 lubelskie Łęczna
71%
15 728 łódzkie Łask
68%
18 190 mazowieckie Łomianki
68%
17 776 podkarpackie Łańcut
66%
2996 pomorskie Łeba
55%
14 196 podlaskie Łapy
53%
6260 śląskie Łazy
50%
9403 zachodniopomorskie Łobez
50%
20 883 śląskie Łaziska Górne
47%
6742 mazowieckie Łosice
47%
1503 świętokrzyskie Łagów
39%
4421 mazowieckie Łaskarzew
34%
6519 mazowieckie Łochów
34%
2180 lubuskie Łęknica
29%
1432 świętokrzyskie Łopuszno
29%
4258 kujawsko-pomorskie Łabiszyn
24%
2734 wielkopolskie Łobżenica
24%
1916 lubelskie Łaszczów
21%
2982 kujawsko-pomorskie Łasin
18%
Nie znaleziono quizów pasujących do podanych kryteriów
Rozkład punktacji
Procent ludzi z każdym wynikiem
Percentyl według liczby udzielonych odpowiedzi
Twoja historia wyników
Nie rozwiązałeś tego quizu od ostatniego zresetowania